Effect of awareness giving on bilinguals' and monolinguals' listening comprehension : learners with different cognitive styles /
Saved in:
| Main Author: | |
|---|---|
| Format: | Thesis Book |
| Language: | English |
| Published: |
2011.
|
| Subjects: | |
| Tags: |
Add Tag
No Tags, Be the first to tag this record!
|
| LEADER | 01230cam a2200277 a 4500 | ||
|---|---|---|---|
| 001 | u855003 | ||
| 003 | SIRSI | ||
| 005 | 201204171154 | ||
| 008 | 120417s2012 my a t 000 0 eng m | ||
| 040 | |a UMM | ||
| 090 | |a LB7 |b UMP 2011 Rez | ||
| 100 | 1 | |a Rezaei, Amir. | |
| 245 | 1 | 0 | |a Effect of awareness giving on bilinguals' and monolinguals' listening comprehension : |b learners with different cognitive styles / |c Amir Rezaei. |
| 260 | |c 2011. | ||
| 300 | |a [2] x, 273 leaves : |b ill. ; |c 30 cm. | ||
| 502 | |a Thesis (Ph.D) -- Jabatan Pendidikan Bahasa dan Literasi, Fakulti Pendidikan, Universiti Malaya, 2012. | ||
| 504 | |a Bibliography: leaves 179-193. | ||
| 650 | 0 | |a Language awareness |v Case studies. | |
| 650 | 0 | |a Language acquisition |x Psychological aspects. | |
| 650 | 0 | |a Cognitive styles. | |
| 650 | 0 | |a Listening comprehension |x Study and teaching |x Foreign speakers. | |
| 710 | 2 | 0 | |a Universiti Malaya. |b Jabatan Pendidikan Bahasa dan Literasi. |
| 900 | |a ZA | ||
| 596 | |a 1 8 | ||
| 999 | |a LB7 UMP 2011 REZ |w LC |c 1 |i A514968566 |d 13/9/2015 |e 13/9/2015 |f 25/1/2013 |g 1 |l STACKS |m P01UTAMA |n 7 |r Y |s Y |t TESIS |u 23/1/2013 | ||
| 999 | |a LB7 UMP 2011 REZ |w LC |c 1 |i A516382725 |d 14/11/2019 |f 23/7/2020 |g 1 |l STACKS |m P08PENDIDI |q 1 |r Y |s Y |t TESIS |u 4/1/2016 |1 AHSS | ||
